000
00350nam a2200133Ia 4500
008
100328s9999 xx 000 0 und d
082
_b
32025
100
_a
गांगल वसंत
245
_a
ससेमिरा
260
_b
मनोरंजन
630
_a
ससेमिरा
730
_a
ससेमिरा
942
_c
BOOK
999
_c
522835
_d
522832